[Event "Accelerated Dragon Assault! #2"]
[Site "SchemingMind.com"]
[Date "2008.05.03"]
[Round "-"]
[White "allostery"]
[Black "Brendan Joseph Birt"]
[Result "0-1"]
[WhiteCountry "CAN"]
[BlackCountry "USA"]
[WhiteElo "1687"]
[WhiteRD "100"]
[BlackElo "1883"]
[BlackRD "75"]
[GameID "153075"]

1. e4 c5 2. Nf3 Nc6 3. d4 cxd4 4. Nxd4 g6 5. c4 Nf6 6. Nc3 d6 7. Be2 Nxd4 8. Qxd4 Bg7 9. O-O O-O 10. Bg5 Be6
11. Qd2 Qa5 12. Rac1 Rfc8 13. b3 a6 14. Rfd1 h5 15. f4 Kh7 16. f5 gxf5 17. exf5 Bxf5 18. Nd5 Qxd2 19. Rxd2 Nxd5 20. Rxd5 Be4
21. Bd3 Bxd3 22. Rxd3 Bh6 23. Bxh6 Kxh6 24. Re1 Rc7 25. Rh3 Rg8 26. Rf1 e6 27. Rf6+ Rg6 28. Rxg6+ fxg6 29. Kf2 d5 30. cxd5 exd5
31. Ke3 Rc3+ 32. Kd4 Rxh3 33. gxh3 Kg5 34. Kxd5 Kh4 35. a4 Kxh3 36. Kc5 Kxh2 37. Kb6 g5
0-1

[Event "Accelerated Dragon Assault! #2"]
[Site "SchemingMind.com"]
[Date "2008.05.05"]
[Round "-"]
[White "Negrito19"]
[Black "Brendan Joseph Birt"]
[Result "0-1"]
[WhiteCountry "ARG"]
[BlackCountry "USA"]
[WhiteElo "1619"]
[WhiteRD "69"]
[BlackElo "1831"]
[BlackRD "78"]
[GameID "153357"]

1. e4 c5 2. Nf3 Nc6 3. d4 cxd4 4. Nxd4 g6 5. c4 Nf6 6. f3 d6 7. Nc3 Nxd4 8. Qxd4 Bg7 9. Be3 O-O 10. c5 Be6
11. O-O-O Ng4 12. Qd2 Nxe3 13. Qxe3 Rc8 14. cxd6 Bxc3 15. bxc3 exd6 16. e5 Qa5 17. Kd2 dxe5 18. Rc1 Qxa2+ 19. Rc2 Rfd8+ 20. Bd3 Qa6
21. Ke2 Rxd3 22. Qxd3 Bc4 23. Qxc4 Qxc4+ 24. Kf2 Rd8 25. Re1 f6 26. Re4 Qc5+ 27. Kg3 a5 28. Ra4 Rd3 29. c4 e4 30. Rca2 Qg5+
31. Kf2 Qe3+ 32. Kg3 exf3 33. gxf3 Qxf3+ 34. Kh4 Qh5#
0-1

[Event "Accelerated Dragon Assault! #2"]
[Site "SchemingMind.com"]
[Date "2008.05.05"]
[Round "-"]
[White "Negrito19"]
[Black "Rhel"]
[Result "0-1"]
[WhiteCountry "ARG"]
[BlackCountry "GBR"]
[WhiteElo "1663"]
[WhiteRD "69"]
[BlackElo "2234"]
[BlackRD "100"]
[GameID "153358"]

1. e4 c5 2. Nf3 Nc6 3. d4 cxd4 4. Nxd4 g6 5. Bc4 Bg7 6. Nxc6 bxc6 7. Qf3 Nf6 8. e5 Nd5 9. Nc3 e6 10. Ne4 O-O
11. O-O Bxe5 12. Bh6 Qh4 13. Nf6+ Nxf6 14. Qh3 Qxc4 15. Bxf8 Kxf8 16. c3 Qf4 17. g3 Qd2 18. Rab1 Kg7 19. Rfe1 Bc7 20. a4 d5
21. Red1 Qc2 22. Qh4 Bb6 23. g4 Ne4 24. Rf1 Nxf2 25. Rxf2 Qxb1+ 26. Kg2 Qe4+ 27. Kh3 Qe3+ 28. Kg2 Qxf2+ 29. Qxf2 Bxf2 30. Kxf2 e5
31. Ke3 f5 32. gxf5 gxf5 33. h4 f4+ 34. Kf3 h5 35. b4 Bg4+ 36. Kf2 e4 37. b5 e3+ 38. Ke1 f3 39. bxc6 f2+ 40. Kf1 Rf8
41. c7 e2+
0-1

[Event "Accelerated Dragon Assault! #2"]
[Site "SchemingMind.com"]
[Date "2008.05.05"]
[Round "-"]
[White "Negrito19"]
[Black "Schaakmaatje"]
[Result "0-1"]
[WhiteCountry "ARG"]
[BlackCountry "NED"]
[WhiteElo "1599"]
[WhiteRD "68"]
[BlackElo "1837"]
[BlackRD "46"]
[GameID "153359"]

1. e4 c5 2. Nf3 Nc6 3. d4 cxd4 4. Nxd4 g6 5. Bf4 d6 6. Nxc6 bxc6 7. Bc4 Bg7 8. c3 Nf6 9. e5 Nh5 10. Qf3 O-O
11. exd6 exd6 12. O-O d5 13. Rd1 Qb6 14. Bb3 Nf6 15. Be3 Qb7 16. c4 Bg4 17. Qf4 Bxd1 18. Nc3 Bxb3 19. axb3 Qxb3 20. Bd4 Nh5
21. Qe3 Bxd4 22. Qxd4 Qxc4 23. Qxc4 dxc4 24. Ne4 Kg7 25. Rc1 Rfd8 26. h3 Rd4 27. Ng5 Re8 28. Nf3 Rde4 29. Kh2 Rd8 30. Ra1 Re2
31. Rxa7 Rd5 32. Rb7 Nf4 33. Kg3 Nd3 34. h4 Nxf2 35. Ng5 Rf5 36. Rc7 Ne4+ 37. Nxe4 Rxe4 38. Rxc6 Rb5 39. Kf3 f5 40. Rc7+ Kh6
41. g3 Rxb2 42. Rc6 Rb3+ 43. Kf2 Rd4 44. Ke2 c3 45. Ke3 Ra4 46. Kd3 Raa3 47. Rc4 c2+ 48. Kxc2 Rxg3 49. Kb2 Raf3 50. Rc2 Kh5
51. Rh2 Rg4 52. Kc2 Rxh4 53. Rxh4+ Kxh4 54. Kd2 Kg3 55. Ke2 h5 56. Ke1 Rf2 57. Kd1 h4
0-1

[Event "Accelerated Dragon Assault! #2"]
[Site "SchemingMind.com"]
[Date "2008.05.05"]
[Round "-"]
[White "Negrito19"]
[Black "TRFz"]
[Result "0-1"]
[WhiteCountry "ARG"]
[BlackCountry "GBR"]
[WhiteElo "1656"]
[WhiteRD "69"]
[BlackElo "2202"]
[BlackRD "56"]
[GameID "153360"]

1. e4 c5 2. Nf3 Nc6 3. d4 cxd4 4. Nxd4 g6 5. c4 Nf6 6. f3 d6 7. Nc3 Nxd4 8. Qxd4 Bg7 9. c5 O-O 10. cxd6 Ne8
11. e5 exd6 12. f4 Qh4+ 13. g3 dxe5 14. Qxe5 Qd8 15. Qd5 Bxc3+ 16. Qd2 Bxd2+ 17. Bxd2 Nf6 18. O-O-O Bf5 19. Bc3 Qc7 20. Bd3 Bg4
21. Rd2 Nd5 22. Rc2 Nxc3 23. Rxc3 Qa5 24. Kb1 Bf5 25. Bxf5 Qxf5+ 26. Ka1 Rac8 27. Rxc8 Rxc8 28. a3 Rc2 29. h3 Qb5 30. Rb1 Qb3
31. g4 b5 32. f5 b4 33. fxg6 hxg6 34. h4 bxa3 35. bxa3 Qxa3#
0-1

[Event "Accelerated Dragon Assault! #2"]
[Site "SchemingMind.com"]
[Date "2008.05.08"]
[Round "-"]
[White "Negrito19"]
[Black "dcon"]
[Result "0-1"]
[WhiteCountry "ARG"]
[BlackCountry "RSA"]
[WhiteElo "1619"]
[WhiteRD "69"]
[BlackElo "2202"]
[BlackRD "62"]
[GameID "153361"]

1. e4 c5 2. Nf3 Nc6 3. d4 cxd4 4. Nxd4 g6 5. Bc4 Bg7 6. Qf3 Ne5 7. Qb3 Nxc4 8. Qxc4 Nf6 9. Nc3 d6 10. h3 O-O
11. O-O Bd7 12. Nf3 Rc8 13. Qb4 b6 14. Be3 Bc6 15. a4 a5 16. Qxb6 Nxe4 17. Qxd8 Rfxd8 18. Bb6 Nxc3 19. Bxd8 Ne2+ 20. Kh1 Rxd8
21. c3 Rb8 22. Ra2 Nf4 23. Kh2 Bd5 24. Ra3 Rxb2 25. Ne1 Bc4 26. Rg1 Rxf2 27. Kg3 Ra2 28. Rxa2 Nh5+ 29. Kf3 Bxa2 30. g4 Nf6
31. Nd3 Bd5+ 32. Ke3 Bc4 33. Nb2 Nd5+ 34. Kf3 Bb3 35. c4 Nb6 36. Nd3 Bxc4 37. Nf4 Nxa4 38. Rc1 Nc3 39. Ke3 d5 40. Nd3 Bh6+
41. Nf4 Bxf4+ 42. Kxf4 d4 43. Rc2 a4 44. Ke5 d3 45. Rd2 a3 46. Kd4 a2 47. Kxc3 a1=Q+ 48. Kxc4 f5 49. gxf5 gxf5 50. Rxd3 f4
51. Kd5 f3 52. Rxf3 Qa8+ 53. Ke6 Qxf3 54. Kxe7 Qc6 55. h4 h5 56. Kd8 Qb7
0-1

[Event "Accelerated Dragon Assault! #2"]
[Site "SchemingMind.com"]
[Date "2008.05.06"]
[Round "-"]
[White "Negrito19"]
[Black "allostery"]
[Result "1-0"]
[WhiteCountry "ARG"]
[BlackCountry "CAN"]
[WhiteElo "1611"]
[WhiteRD "67"]
[BlackElo "1660"]
[BlackRD "98"]
[GameID "153362"]

1. e4 c5 2. Nf3 Nc6 3. d4 cxd4 4. Nxd4 g6 5. c4 Bg7 6. Nb3 d6 7. N1d2 Nf6 8. Nf3 Nxe4 9. Bd3 Nf6 10. Bf4 Bg4
11. O-O e5 12. Re1 O-O 13. Bg5 a5 14. h3 Bxf3 15. Qxf3 Re8 16. Rad1 e4 17. Bxe4 Ne5 18. Qc3 Nxe4 19. Qxe5 Qxg5 20. Qxg5 Nxg5
21. Rxe8+ Rxe8 22. Nxa5 Re2 23. Nxb7 Rxb2 24. Nxd6 Rxa2 25. c5 Rc2 26. Nb7 Ne4 27. Rd8+ Bf8 28. Rc8 Rxf2 29. c6 Rc2 30. Re8 Nf6
31. Rc8 Nd5 32. Rd8 Nc7 33. Na5 Rc5 34. Rd7 Rxa5 35. Rxc7 Bc5+ 36. Kf1 Ra1+ 37. Ke2 Rg1 38. Kf3 Rc1 39. Ke4 Rd1 40. Rc8+ Kg7
41. c7 Bb6 42. Rg8+ Kxg8 43. c8=Q+ Kg7 44. Qc3+ f6 45. Qb3 Rd4+ 46. Kf3 Bc7 47. g3 h5 48. Qc3 Be5 49. Qc2 f5 50. Qc5 Kf6
51. Qb6+ Kg5 52. h4+ Kh6 53. Qc5 Rd3+ 54. Ke2 Bd6 55. Qc4 Rxg3 56. Qg8 g5 57. Qe6+ Kh7 58. Qxf5+
1-0

[Event "Accelerated Dragon Assault! #2"]
[Site "SchemingMind.com"]
[Date "2008.05.05"]
[Round "-"]
[White "Brendan Joseph Birt"]
[Black "Negrito19"]
[Result "1-0"]
[WhiteCountry "USA"]
[BlackCountry "ARG"]
[WhiteElo "1831"]
[WhiteRD "78"]
[BlackElo "1619"]
[BlackRD "69"]
[GameID "153363"]

1. e4 c5 2. Nf3 Nc6 3. d4 cxd4 4. Nxd4 g6 5. c4 Bg7 6. Be3 e6 7. Nc3 a6 8. Be2 f5 9. O-O h5 10. exf5 gxf5
11. Bxh5+ Ke7 12. Bg5+ Bf6 13. Nxf5+ exf5 14. Re1+ Kf8 15. Qd6+ Kg7 16. Re8 Qxe8 17. Bxe8 Nce7 18. Bxf6+ Kf8 19. Bxh8 Kxe8 20. Re1 b5
21. Nd5 Bb7 22. Rxe7+ Nxe7 23. Qxe7#
1-0

[Event "Accelerated Dragon Assault! #2"]
[Site "SchemingMind.com"]
[Date "2008.05.05"]
[Round "-"]
[White "Rhel"]
[Black "Negrito19"]
[Result "1-0"]
[WhiteCountry "GBR"]
[BlackCountry "ARG"]
[WhiteElo "2221"]
[WhiteRD "98"]
[BlackElo "1619"]
[BlackRD "69"]
[GameID "153364"]

1. e4 c5 2. Nf3 Nc6 3. d4 cxd4 4. Nxd4 g6 5. c4 Bg7 6. Be3 Qb6 7. Nb3 Qb4+ 8. Bd2 Qd6 9. Nc3 e6 10. Be2 Nge7
11. O-O b6 12. Nb5 Qb8 13. Bc3 Bxc3 14. Nxc3 d5 15. cxd5 exd5 16. exd5 Ne5 17. Bb5+ Bd7 18. d6 Bxb5 19. Nxb5 N7c6 20. Nc7+ Kd7
21. Nxa8 Qxa8 22. Qd5 Rd8 23. f4 Ng4 24. Qxf7+ Ne7 25. Qxe7+ Kc6 26. Qc7+ Kb5 27. a4+ Kb4 28. Qc3#
1-0

[Event "Accelerated Dragon Assault! #2"]
[Site "SchemingMind.com"]
[Date "2008.05.06"]
[Round "-"]
[White "Schaakmaatje"]
[Black "Negrito19"]
[Result "1-0"]
[WhiteCountry "NED"]
[BlackCountry "ARG"]
[WhiteElo "1760"]
[WhiteRD "46"]
[BlackElo "1619"]
[BlackRD "69"]
[GameID "153365"]

1. e4 c5 2. Nf3 Nc6 3. d4 cxd4 4. Nxd4 g6 5. c4 Bg7 6. Be3 Qa5+ 7. Nc3 e6 8. Be2 Nge7 9. O-O Qb6 10. Nxe6 Qa5
11. Nxg7+ Kd8 12. Nd5 Nxd5 13. cxd5 Ne5 14. d6 h6 15. f4 Nc6 16. f5 Rg8 17. Bxh6 Ne5 18. Bg5+ f6 19. Bxf6#
1-0

[Event "Accelerated Dragon Assault! #2"]
[Site "SchemingMind.com"]
[Date "2008.05.08"]
[Round "-"]
[White "dcon"]
[Black "Negrito19"]
[Result "1-0"]
[WhiteCountry "RSA"]
[BlackCountry "ARG"]
[WhiteElo "2146"]
[WhiteRD "63"]
[BlackElo "1627"]
[BlackRD "67"]
[GameID "153367"]

1. e4 c5 2. Nf3 Nc6 3. d4 cxd4 4. Nxd4 g6 5. c4 Bg7 6. Be3 Qb6 7. Nb5 Qa5+ 8. N1c3 a6 9. Nd4 e6 10. Be2 Nge7
11. O-O h5 12. Qd2 Nxd4 13. Bxd4 Bxd4 14. Qxd4 e5 15. Qd6 Nc6 16. Nd5 Kd8 17. Qf6+ Ne7 18. Qxe7#
1-0

[Event "Accelerated Dragon Assault! #2"]
[Site "SchemingMind.com"]
[Date "2008.05.05"]
[Round "-"]
[White "allostery"]
[Black "Negrito19"]
[Result "1-0"]
[WhiteCountry "CAN"]
[BlackCountry "ARG"]
[WhiteElo "1687"]
[WhiteRD "100"]
[BlackElo "1656"]
[BlackRD "69"]
[GameID "153368"]

1. e4 c5 2. Nf3 Nc6 3. d4 cxd4 4. Nxd4 g6 5. c4 e5 6. Nf3 Bc5 7. Be2 Nf6 8. Nc3 Ng4 9. O-O Nd4 10. Nxd4 h5
11. Ndb5 Qh4 12. Bxg4 hxg4 13. Nc7+ Kd8 14. Bg5+ Qxg5 15. Nxa8 Qh4 16. h3 gxh3 17. Qf3 d6 18. Qxf7 hxg2 19. Qc7+ Ke8 20. Qxc8+ Kf7
21. Qd7+ Kg8 22. Kxg2 Qh2+ 23. Kf3 Qh5+ 24. Qg4 Qh2 25. Qxg6+ Kf8 26. Qf6+ Ke8 27. Nc7+ Kd7 28. Qf7+ Kc6 29. N3b5 Qh3+ 30. Ke2 Qg4+
31. f3 Qg2+ 32. Ke1 Qg3+ 33. Kd1 Rh2 34. Na8 Bb6 35. Nxb6 Kxb6 36. Qc7+ Ka6 37. b4 Rd2+ 38. Kxd2 Qg2+ 39. Kc3 Qe2 40. Qa5#
1-0

[Event "Accelerated Dragon Assault! #2"]
[Site "SchemingMind.com"]
[Date "2008.05.06"]
[Round "-"]
[White "thereporter"]
[Black "Negrito19"]
[Result "0-1"]
[WhiteCountry "AUS"]
[BlackCountry "ARG"]
[WhiteElo "1537"]
[WhiteRD "99"]
[BlackElo "1663"]
[BlackRD "69"]
[GameID "153553"]

1. e4 c5 2. Nf3 Nc6 3. d4 cxd4 4. Nxd4 g6 5. c4 Bg7 6. Be3 Qa5+ 7. Nc3 e6 8. Be2 Nge7 9. O-O h5 10. Nb3 Qe5
11. f4 Qc7
0-1

[Event "Accelerated Dragon Assault! #2"]
[Site "SchemingMind.com"]
[Date "2008.05.06"]
[Round "-"]
[White "Negrito19"]
[Black "thereporter"]
[Result "1-0"]
[WhiteCountry "ARG"]
[BlackCountry "AUS"]
[WhiteElo "1663"]
[WhiteRD "69"]
[BlackElo "1537"]
[BlackRD "99"]
[GameID "153560"]

1. e4 c5 2. Nf3 Nc6 3. d4 cxd4 4. Nxd4 g6 5. c4 Bg7 6. Be3 Nf6 7. Nc3 d6 8. f3 O-O 9. Qd2 Nd7 10. h4 Qa5
11. Nxc6
1-0

[Event "Accelerated Dragon Assault! #2"]
[Site "SchemingMind.com"]
[Date "2008.05.06"]
[Round "-"]
[White "e_castle3"]
[Black "Brendan Joseph Birt"]
[Result "0-1"]
[WhiteCountry "PHI"]
[BlackCountry "USA"]
[WhiteElo "1745"]
[WhiteRD "66"]
[BlackElo "1883"]
[BlackRD "75"]
[GameID "153567"]

1. e4 c5 2. Nf3 Nc6 3. d4 cxd4 4. Nxd4 g6 5. g3 Bg7 6. c3 Nf6 7. Bg2 O-O 8. O-O d6 9. Na3 Bd7 10. Nac2 Rc8
11. Bg5 h6 12. Bxf6 Bxf6 13. Qd2 Bg7 14. Rad1 a6 15. Kh1 b5 16. f4 e5 17. Nxc6 Rxc6 18. Nb4 Rb6 19. fxe5 Bxe5 20. Qxh6 Be6
21. Nd5 Bxd5 22. exd5 b4 23. Qd2 bxc3 24. bxc3 Qb8 25. Qd3 Rb2 26. a4 Kg7 27. Rf3 a5 28. Rdf1 Qb3 29. Ra1 Rc8 30. Raf1 Rc7
31. Qe4 Rc2 32. Re1 R2xc3 33. Rb1 Qc2 34. Qxc2 Rxc2 35. Rff1 Ra2 36. Rfe1 Rcc2 37. Be4 Rxh2+ 38. Kg1 Bd4+
0-1

[Event "Accelerated Dragon Assault! #2"]
[Site "SchemingMind.com"]
[Date "2008.05.06"]
[Round "-"]
[White "e_castle3"]
[Black "Negrito19"]
[Result "1-0"]
[WhiteCountry "PHI"]
[BlackCountry "ARG"]
[WhiteElo "1780"]
[WhiteRD "66"]
[BlackElo "1599"]
[BlackRD "68"]
[GameID "153568"]

1. e4 c5 2. Nf3 Nc6 3. d4 cxd4 4. Nxd4 g6 5. g3 Bg7 6. c3 d5 7. Nxc6 bxc6 8. exd5 cxd5 9. Bg2 e6 10. O-O Ne7
11. Bg5 f6 12. Be3 Nc6 13. Nd2 Ba6 14. Re1 Ne5 15. Qa4+ Qd7 16. Qxa6 O-O 17. f3 g5 18. Rad1 Qc6 19. Qxc6 Nxc6 20. Bc5 Rfe8
21. Nb3 a5 22. Nd4 Nxd4 23. Rxd4 f5 24. Ra4 f4 25. gxf4 gxf4 26. Rxf4 Rac8 27. Bb6 Ra8 28. Ra4 Ra6 29. Bc7 Rc8 30. Bf4 Re8
31. Be5 Bxe5 32. Rxe5 Kf7 33. f4 Rb8 34. Re2 h5 35. Kf2 Kg6 36. Ke3 Rab6 37. b3 Rc8 38. Kd4 Rf8 39. Rf2 Rb5 40. Bh3 e5+
41. Kxe5 Re8+ 42. Kd6 Rf8 43. f5+ Kh6 44. Kc6 Rfb8 45. Kd6 R8b6+ 46. Ke5 Rc6 47. Kd4 Rbc5 48. Rf3 Kg5 49. f6 Rc8 50. f7 R5c7
51. f8=Q Rxf8 52. Rxf8 Kh4 53. Be6 Rg7 54. Kxd5+ Kg5 55. h4+ Kh6 56. Rxa5 Rg4 57. Bxg4 hxg4 58. Ke4 Kg7 59. Rff5 g3 60. Rg5+ Kf6
61. Ra6+ Kf7 62. Kf5 g2 63. Ra7+ Kf8 64. Kf6 g1=Q 65. Rxg1 Ke8 66. Rg8#
1-0

[Event "Accelerated Dragon Assault! #2"]
[Site "SchemingMind.com"]
[Date "2008.05.05"]
[Round "-"]
[White "e_castle3"]
[Black "Rhel"]
[Result "0-1"]
[WhiteCountry "PHI"]
[BlackCountry "GBR"]
[WhiteElo "1780"]
[WhiteRD "66"]
[BlackElo "2218"]
[BlackRD "86"]
[GameID "153570"]

1. e4 c5 2. Nf3 Nc6 3. d4 cxd4 4. Nxd4 g6 5. g3 Bg7 6. c3 Nf6 7. Bg2 O-O 8. O-O d6 9. Nd2 Nxd4 10. cxd4 Bd7
11. Nb3 Bc6 12. d5 Bd7 13. Be3 Ng4 14. Bd4 Bxd4 15. Nxd4 Rc8 16. Qd2 e6 17. Qf4 e5 18. Qd2 exd4 19. Qxd4 b6 20. h4 Ne5
21. b3 Rc5 22. a4 Qc7 23. f4 Ng4 24. e5 dxe5 25. fxe5 Qxe5 26. Qxe5 Nxe5 27. Rae1 f6 28. Rf4 Nd3
0-1

[Event "Accelerated Dragon Assault! #2"]
[Site "SchemingMind.com"]
[Date "2008.05.05"]
[Round "-"]
[White "e_castle3"]
[Black "Schaakmaatje"]
[Result "0-1"]
[WhiteCountry "PHI"]
[BlackCountry "NED"]
[WhiteElo "1745"]
[WhiteRD "66"]
[BlackElo "1802"]
[BlackRD "48"]
[GameID "153571"]

1. e4 c5 2. Nf3 Nc6 3. d4 cxd4 4. Nxd4 g6 5. Nc3 Bg7 6. Be3 d6 7. Be2 e5 8. Nf3 Nge7 9. Qd2 Be6 10. Bh6 O-O
11. Bxg7 Kxg7 12. O-O Rc8 13. Rad1 Qb6 14. Qc1 Nb4 15. a3 Na2 16. Nxa2 Bxa2 17. Rd2 Rc7 18. c3 Bc4 19. Bxc4 Rxc4 20. Qc2 Qc6
21. Re1 f5 22. Ng5 Rf6 23. Re3 h6 24. b3 Rc5 25. Nf3 fxe4 26. Rxe4 Rxc3 27. Qb2 Qxe4
0-1

[Event "Accelerated Dragon Assault! #2"]
[Site "SchemingMind.com"]
[Date "2008.05.05"]
[Round "-"]
[White "e_castle3"]
[Black "TRFz"]
[Result "0-1"]
[WhiteCountry "PHI"]
[BlackCountry "GBR"]
[WhiteElo "1745"]
[WhiteRD "66"]
[BlackElo "2202"]
[BlackRD "56"]
[GameID "153572"]

1. e4 c5 2. Nf3 Nc6 3. d4 cxd4 4. Nxd4 g6 5. g3 Bg7 6. c3 d5 7. Nxc6 bxc6 8. exd5 cxd5 9. Bg2 Nf6 10. O-O O-O
11. Bg5 Qb6 12. Bxf6 Bxf6 13. Bxd5 Qxb2 14. Bxa8 Qxa1 15. Qa4 Bf5 16. Na3 Qxa2 17. Qxa7 Bd3 18. Rd1 Qe2 19. Qa4 Bxc3 20. Bg2 Bd4
21. Rf1 Qb2 22. Nb5 Bxb5
0-1

[Event "Accelerated Dragon Assault! #2"]
[Site "SchemingMind.com"]
[Date "2008.05.10"]
[Round "-"]
[White "e_castle3"]
[Black "dcon"]
[Result "0-1"]
[WhiteCountry "PHI"]
[BlackCountry "RSA"]
[WhiteElo "1756"]
[WhiteRD "69"]
[BlackElo "2234"]
[BlackRD "63"]
[GameID "153573"]

1. e4 c5 2. Nf3 Nc6 3. d4 cxd4 4. Nxd4 g6 5. Nc3 Bg7 6. Be3 Nf6 7. Be2 d6 8. O-O Bd7 9. Qd2 O-O 10. Rad1 a6
11. Qc1 Ng4 12. Nxc6 bxc6 13. Bxg4 Bxg4 14. f3 Be6 15. Qd2 Qc7 16. a3 Rfb8 17. b4 a5 18. Ne2 Bc4 19. Rf2 axb4 20. axb4 Ra4
21. Rb1 Qb7 22. c3 Ra2 23. Rb2 Rxb2 24. Qxb2 c5 25. Qc1 cxb4 26. cxb4 Qxb4 27. Bd4 Bxe2 28. Bxg7 Qb1
0-1

[Event "Accelerated Dragon Assault! #2"]
[Site "SchemingMind.com"]
[Date "2008.05.06"]
[Round "-"]
[White "e_castle3"]
[Black "allostery"]
[Result "1-0"]
[WhiteCountry "PHI"]
[BlackCountry "CAN"]
[WhiteElo "1780"]
[WhiteRD "66"]
[BlackElo "1695"]
[BlackRD "97"]
[GameID "153574"]

1. e4 c5 2. Nf3 Nc6 3. d4 cxd4 4. Nxd4 g6 5. Nc3 Bg7 6. Be3 Nf6 7. Qd2 d6 8. Be2 O-O 9. O-O Nxd4 10. Bxd4 Bd7
11. Rfd1 Qa5 12. Bxf6 Bxf6 13. Nd5 Qxd2 14. Rxd2 Be6 15. Nxf6+ Kg7 16. Nd5 Bxd5 17. exd5 a6 18. Re1 Rae8 19. Bg4 f5 20. Bf3 h5
21. Rde2 Kf6 22. Re6+ Kg5 23. g3 f4 24. h4+ Kh6 25. g4 hxg4 26. Bxg4 Rc8 27. c3 f3 28. Rxe7 Rc4 29. R1e4 b5 30. R7e6 Kg7
31. Rxc4 bxc4 32. Rxd6
1-0

[Event "Accelerated Dragon Assault! #2"]
[Site "SchemingMind.com"]
[Date "2008.05.05"]
[Round "-"]
[White "Brendan Joseph Birt"]
[Black "e_castle3"]
[Result "1-0"]
[WhiteCountry "USA"]
[BlackCountry "PHI"]
[WhiteElo "1847"]
[WhiteRD "78"]
[BlackElo "1756"]
[BlackRD "69"]
[GameID "153575"]

1. e4 c5 2. Nf3 Nc6 3. d4 cxd4 4. Nxd4 g6 5. c4 Bg7 6. Be3 e5 7. Nb5 Bf8 8. Nd6+ Bxd6 9. Qxd6 Qe7 10. Qxe7+ Ngxe7
11. Nc3 a6 12. Rd1 f5 13. exf5 Nxf5 14. Nd5 O-O 15. Bd3 d6 16. O-O Bd7 17. Nb6 Rad8 18. Bg5 Be6 19. Bxd8 Rxd8 20. b3 Nfd4
21. Nd5 Bxd5 22. cxd5 Ne7 23. Be4 Rc8 24. Rd2 Rc5 25. g3 Kf7 26. Kg2 Ke8 27. f4 Kd7 28. fxe5 dxe5 29. Rf7 h5 30. Bxg6 Rxd5
31. Bxh5 Ke6 32. Rh7 e4 33. Bf7+ Ke5 34. Rh5+
1-0

[Event "Accelerated Dragon Assault! #2"]
[Site "SchemingMind.com"]
[Date "2008.05.05"]
[Round "-"]
[White "Negrito19"]
[Black "e_castle3"]
[Result "0-1"]
[WhiteCountry "ARG"]
[BlackCountry "PHI"]
[WhiteElo "1656"]
[WhiteRD "69"]
[BlackElo "1745"]
[BlackRD "66"]
[GameID "153576"]

1. e4 c5 2. Nf3 Nc6 3. d4 cxd4 4. Nxd4 g6 5. c4 Bg7 6. Be3 e5 7. Nxc6 bxc6 8. Nc3 Nf6 9. h3 O-O 10. Bd3 d6
11. Qb3 Be6 12. O-O Qc7 13. a4 Rab8 14. Qa3 a5 15. Rab1 Rb7 16. c5 d5 17. exd5 Nxd5 18. Bc4 Nxe3 19. Bxe6 Nxf1 20. Bxf7+ Qxf7
21. Rxf1 Qc4 22. Re1 Rbf7 23. Re4 Qd3 24. Qb3 Kh8 25. Re3 Qd2 26. Re2 Qc1+ 27. Kh2 e4 28. Nxe4 Be5+ 29. g3 Qf1 30. Qe3 Bc7
31. Rd2 Rf5 32. h4 Rh5 33. f4 Bxf4 34. Qd4+ Be5 35. Nf6 Rxh4+ 36. Qxh4 Bxf6 37. Qe4 Qf5 38. Qxc6 Rc8 39. Qg2 Rxc5 40. Rf2 Qh5+
41. Kg1 Rc1+ 42. Qf1 Rxf1+ 43. Rxf1 Bd4+ 44. Kg2 Qe2+ 45. Rf2 Qxf2+ 46. Kh3 Be5
0-1

[Event "Accelerated Dragon Assault! #2"]
[Site "SchemingMind.com"]
[Date "2008.05.05"]
[Round "-"]
[White "thereporter"]
[Black "e_castle3"]
[Result "0-1"]
[WhiteCountry "AUS"]
[BlackCountry "PHI"]
[WhiteElo "1537"]
[WhiteRD "99"]
[BlackElo "1756"]
[BlackRD "69"]
[GameID "153577"]

1. e4 c5 2. Nf3 Nc6 3. d4 cxd4 4. Nxd4 g6 5. c4 Bg7 6. Be3 e5 7. Nb5 Bf8 8. N1c3 a6 9. Nd6+ Bxd6 10. Qxd6 Qe7
11. Qd2 Nf6
0-1

[Event "Accelerated Dragon Assault! #2"]
[Site "SchemingMind.com"]
[Date "2008.05.05"]
[Round "-"]
[White "Rhel"]
[Black "e_castle3"]
[Result "1-0"]
[WhiteCountry "GBR"]
[BlackCountry "PHI"]
[WhiteElo "2201"]
[WhiteRD "97"]
[BlackElo "1774"]
[BlackRD "75"]
[GameID "153578"]

1. e4 c5 2. Nf3 Nc6 3. d4 cxd4 4. Nxd4 g6 5. Nc3 Bg7 6. Be3 e5 7. Ndb5 Bf8 8. Nd5 Bb4+ 9. Nxb4 Nxb4 10. Bc5 Nc6
11. Nd6+
1-0

[Event "Accelerated Dragon Assault! #2"]
[Site "SchemingMind.com"]
[Date "2008.05.06"]
[Round "-"]
[White "Schaakmaatje"]
[Black "e_castle3"]
[Result "0-1"]
[WhiteCountry "NED"]
[BlackCountry "PHI"]
[WhiteElo "1837"]
[WhiteRD "46"]
[BlackElo "1780"]
[BlackRD "66"]
[GameID "153579"]

1. e4 c5 2. Nf3 Nc6 3. d4 cxd4 4. Nxd4 g6 5. c4 Bg7 6. Be3 Nf6 7. Nc3 O-O 8. Be2 d6 9. O-O a6 10. Rc1 Bd7
11. a3 Rc8 12. f3 e5 13. Nb3 Be6 14. Nd5 Bxd5 15. exd5 Ne7 16. Qd2 Re8 17. a4 Nf5 18. Bf2 e4 19. Bd4 Nxd4 20. Nxd4 Qb6
21. Kh1 e3 22. Qd1 Nh5 23. Nb3 Nf4 24. Re1 Qb4 25. Nd4 Re7 26. Qb3 Qxb3 27. Nxb3 Bxb2 28. Rc2 Ba3 29. Nd4 Bb4 30. Rb1 Bc5
31. Nb3 Ba7 32. Rbc1 Rec7 33. g3 Nxe2 34. Rxe2 Rxc4 35. Rxc4 Rxc4 36. Kg2 Rxa4 37. f4 Ra3 38. Nc1 b5 39. Kf3 a5 40. Rc2 Bc5
41. g4 f5 42. h3 a4
0-1

[Event "Accelerated Dragon Assault! #2"]
[Site "SchemingMind.com"]
[Date "2008.05.05"]
[Round "-"]
[White "TRFz"]
[Black "e_castle3"]
[Result "1-0"]
[WhiteCountry "GBR"]
[BlackCountry "PHI"]
[WhiteElo "2202"]
[WhiteRD "56"]
[BlackElo "1745"]
[BlackRD "66"]
[GameID "153580"]

1. e4 c5 2. Nf3 Nc6 3. d4 cxd4 4. Nxd4 g6 5. c4 Bg7 6. Be3 e5 7. Nb5 Bf8 8. Nd6+ Bxd6 9. Qxd6 Qe7 10. Qd2 Nf6
11. Nc3 O-O 12. Be2 d6 13. O-O a6 14. Bg5 Qe6 15. f4 Nd4 16. Bd3 Nh5 17. f5 Qd7 18. Nd5 Ra7 19. Bf6 Re8 20. Qh6
1-0

[Event "Accelerated Dragon Assault! #2"]
[Site "SchemingMind.com"]
[Date "2008.05.10"]
[Round "-"]
[White "dcon"]
[Black "e_castle3"]
[Result "1-0"]
[WhiteCountry "RSA"]
[BlackCountry "PHI"]
[WhiteElo "2202"]
[WhiteRD "62"]
[BlackElo "1751"]
[BlackRD "78"]
[GameID "153581"]

1. e4 c5 2. Nf3 Nc6 3. d4 cxd4 4. Nxd4 g6 5. c4 Bg7 6. Be3 Nf6 7. Nc3 O-O 8. Be2 d6 9. Qd2 Re8 10. O-O a6
11. h3 Qc7 12. Rad1 e5 13. Nxc6 bxc6 14. Qxd6 Qb7 15. b4 Bd7 16. Na4 Red8 17. Bb6 Rdc8 18. Ba5 Rab8 19. Nc5 Qa7 20. Nxd7
1-0

[Event "Accelerated Dragon Assault! #2"]
[Site "SchemingMind.com"]
[Date "2008.05.07"]
[Round "-"]
[White "allostery"]
[Black "e_castle3"]
[Result "0-1"]
[WhiteCountry "CAN"]
[BlackCountry "PHI"]
[WhiteElo "1687"]
[WhiteRD "100"]
[BlackElo "1745"]
[BlackRD "66"]
[GameID "153582"]

1. e4 c5 2. Nf3 Nc6 3. d4 cxd4 4. Nxd4 g6 5. Nc3 Bg7 6. Be3 Nf6 7. Bc4 O-O 8. Bb3 d6 9. f3 a6 10. Qd2 Qc7
11. O-O-O b5 12. g4 Ne5 13. Rhf1 Bd7 14. h3 Rfc8 15. f4 Nc4 16. Qd3 Qb7 17. f5 a5 18. fxg6 hxg6 19. g5 Nh5 20. h4 Rab8
21. Rf2 a4 22. Bxa4 bxa4 23. Nxa4 Bxa4
0-1